Objektivizácia hodnotenia záverov finančnej analýzy
Podrobnejšia charakteristika objektivizácie záverov finančnej analýzy v audítorskej praxi. Porovnanie podnikových finančných ukazovateľov s ukazovateľmi odvetvovými. Analýza vývoja v čase. Analýza vzťahov medzi finančnými ukazovateľmi. Možnosti rozkladu a agregácie finančných ukazovateľov. Návrh opa...
Salvato in:
| Autore principale: | |
|---|---|
| Natura: | Capitolo di libro |
| Lingua: | slovacco |
| Soggetti: | |
| Tags: |
Nessun Tag, puoi essere il primo ad aggiungerne!!
|
MARC
| LEADER | 00000naa a2200000 4500 | ||
|---|---|---|---|
| 001 | r015283 | ||
| 005 | 20221205091506.2 | ||
| 041 | 0 | |a slo | |
| 044 | |a SK | ||
| 245 | 1 | 0 | |a Objektivizácia hodnotenia záverov finančnej analýzy |c Karol Zalai |
| 520 | |a Podrobnejšia charakteristika objektivizácie záverov finančnej analýzy v audítorskej praxi. Porovnanie podnikových finančných ukazovateľov s ukazovateľmi odvetvovými. Analýza vývoja v čase. Analýza vzťahov medzi finančnými ukazovateľmi. Možnosti rozkladu a agregácie finančných ukazovateľov. Návrh opatrení - finalizujúca časť finančnej analýzy audítora a čo má obsahovať. | ||
| 610 | 2 | 0 | |a audítorstvo |
| 610 | 2 | 0 | |a analýza finančná |
| 610 | 2 | 0 | |a ukazovatele finančné |
| 610 | 2 | 0 | |a matematika finančná |
| 100 | 1 | |a Zalai, Karol | |